| 000 | 00714nam a2200229 a 4500 | ||
|---|---|---|---|
| 999 |
_c11542 _d11542 |
||
| 001 | 11542 | ||
| 003 | BD-JhCC | ||
| 005 | 20220825134022.0 | ||
| 008 | 200315r2020 bg |||| |||| 00| 0 ban d | ||
| 020 | _a9789848040355 | ||
| 035 | _a(BD-JhCC)11542 | ||
| 040 |
_aBD-JhCC _dBD-JhCC |
||
| 041 | _aban | ||
| 082 |
_a005.8 _bSAR 2020 |
||
| 100 | _aসরকার, তিতাস | ||
| 245 |
_aএথিক্যাল হ্যাকিং ও সিকিউরিটি / _cতিতাস সরকার |
||
| 260 |
_aঢাকা : _bআদর্শ, _c২০২০ |
||
| 300 |
_a১৫৯ পৃ. : _c২০ সেমি. |
||
| 650 | _aComputer security | ||
| 650 | _aData protection | ||
| 942 |
_2ddc _cBK _05 |
||